000 00785nam a2200217 a 4500
999 _c12485
_d12485
001 12485
003 BD-JhCC
005 20221013134023.0
008 220305s2021 bg |||| |||| 000 0 mul d
035 _a(BD-JhCC)12485
040 _aBD-JhCC
_dBD-JhCC
041 _aBangla and Arabic
082 _a297.74
_bAZH 2021
100 _aআযহারি, মিজানুর রহমান
245 _aম্যাসেজ :
_bআধুনিক মননে দ্বীনের ছোঁয়া /
_cমিজানুর রহমান আযহারি
260 _aঢাকা :
_bগার্ডিয়ান,
_c২০২১ ।
300 _a২৯৬ পৃ. :
_c২২ সেমি.
650 _aDawah
650 _a Religious Life--- Islam
942 _2ddc
_cBK
_05